Statistiques concernant Derniers vainqueurs du maillot de meilleur grimpeur au tour de France

Cliquez ici pour prendre le quiz!

Statistiques générales

  • Ce quiz a été pris 76 fois
  • Le résultat moyen est 8 sur 15

Statistiques - réponses

HintRéponse% Correct
2021Pogacar
94%
2020Pogacar
94%
2022Vingegaard
84%
2019Bardet
81%
2018Alaphilippe
76%
2015Froome
75%
2017Barguil
74%
2016Majka
59%
2014Majka
59%
2013Quintana
49%
2012Voeckler
49%
2010Charteau
19%
2011Sanchez
15%
2008Sastre
12%
2009Martinez
4%

Distribution des résultats

Percentile par nombre de réponses

% des personnes avec chaque résultat

Votre développement - résultats

Vous n’avez pas pris ce quiz